Esponjas del Cantábrico (Record no. 174227)

MARC details
000 -LEADER
campo de control de longitud fija 01107namaa2200229 i 4500
001 - NÚMERO DE CONTROL
campo de control 174227
003 - IDENTIFICADOR DE NÚMERO DE CONTROL
campo de control ES-MaACL
005 - FECHA Y HORA DE LA ÚLTIMA TRANSACCIÓN
campo de control 20250815105705.0
008 - DATOS DE LONGITUD FIJA--INFORMACIÓN GENERAL
campo de control de longitud fija 100304s1914 sp | |||| ||spa d
080 ## - NÚMERO DE LA CLASIFICACIÓN DECIMAL UNIVERSAL
Número de la Clasificación Decimal Universal 593.4(261 Cantábrico)
100 1# - ENTRADA PRINCIPAL--NOMBRE DE PERSONA
Nombre de persona Ferrer Hernández, Francisco.
9 (RLIN) 142320
245 10 - MENCIÓN DEL TÍTULO
Título Esponjas del Cantábrico
Resto del título : parte segunda /
Mención de responsabilidad, etc. por Francisco Ferrer Hernández.
260 ## - PUBLICACIÓN, DISTRIBUCIÓN, ETC.
Lugar de publicación, distribución, etc. Madrid :
Nombre del editor, distribuidor, etc. Junta para Ampliación de Estudios e Investigaciones Científicas :
-- Instituto Nacional de Ciencias Físico-Naturales,
Fecha de publicación, distribución, etc. 1914 (
Fabricante Imp. de Fortanet)
300 ## - DESCRIPCIÓN FÍSICA
Extensión 46 p. ;
Dimensiones 23 cm.
490 1# - MENCIÓN DE SERIE
Mención de serie Trabajos del Museo Nacional de Ciencias Naturales. Serie zoológica ;
Designación de volumen o secuencia 17
505 8# - NOTA DE CONTENIDO CON FORMATO
Nota de contenido con formato Contiene: Parte segunda: III. Myxospongida. IV Tetraxonida. V. Triaxonida
650 #4 - PUNTO DE ACCESO ADICIONAL DE MATERIA--TÉRMINO DE MATERIA
Término de materia o nombre geográfico como elemento de entrada Esponjas-
Subdivisión geográfica Cantábrico.
9 (RLIN) 142321
710 2# - ENTRADA AGREGADA--NOMBRE DE ENTIDAD CORPORATIVA
Nombre de entidad corporativa o nombre de jurisdicción como elemento de entrada Junta para la Ampliación de Estudios e Investigaciones Científicas.
9 (RLIN) 5413
830 00 - PUNTO DE ACCESO ADICIONAL DE SERIE-TÍTULO UNIFORME
Título uniforme Trabajos del Museo Nacional de Ciencias Naturales.
Nombre de parte o sección de la obra Serie zoológica
Designación de volumen o secuencia 17
9 (RLIN) 189348
852 ## - LOCALIZACIÓN
Ubicación ES-MaACL
Número de control de estantería B-13148(4)
Nota libre .- Encuadernado con otras obras
Holdings
Estatus retirado Estado de pérdida Estado de daño No para préstamo Biblioteca de origen Biblioteca actual Ubicación en estantería Fecha de adquisición Fuente de adquisición Total de préstamos Signatura topográfica completa Código de barras Visto por última vez Precio de reemplazo Tipo de ítem Koha
        Biblioteca del Ateneo de Madrid Biblioteca del Ateneo de Madrid Sala Pardo Bazán 08/03/2010     B-13148(4) 1182884 23/02/2023 23/02/2023 Libro impreso